| 000 | 00533nam a22001817a 4500 | ||
|---|---|---|---|
| 005 | 20170329123257.0 | ||
| 010 | _aENG-117627 | ||
| 020 |
_a9789382524465 _c200.00 |
||
| 035 | _aEN-101159 | ||
| 037 | _bDABD/PUB | ||
| 082 | _a881 | ||
| 100 | _aCecilia Abraham | ||
| 245 |
_aNot just a housewife / _cby Cecilia Abraham |
||
| 260 |
_aNew Delhi _bThe Book Line _c2017 |
||
| 270 |
_a106,4787 23,Ist Floor,Ansari Road,Daryaganj _bNew Delhi _e110001 |
||
| 300 |
_a65p. : _c18cm(Hb) _bill. |
||
| 942 |
_2ddc _cEN _h881 _mCEC |
||
| 999 |
_c138530 _d138530 |
||